Apego e intersubjetividad: influencia de los vínculos tempranos en el desarrollo humano y la salud mental
में बचाया:
| मुख्य लेखक: | |
|---|---|
| अन्य लेखक: | , |
| स्वरूप: | पुस्तक |
| भाषा: | स्पेनिश |
| प्रकाशित: |
Santiago, Chile:
LOM Ediciones,
2006-2009.
|
| संस्करण: | Primera edición,. |
| श्रृंखला: | Universitaria
|
| विषय: | |
| टैग: |
टैग जोड़ें
कोई टैग नहीं, इस रिकॉर्ड को टैग करने वाले पहले व्यक्ति बनें!
|
MARC
| LEADER | 00000cam a2200000 a 4500 | ||
|---|---|---|---|
| 001 | UCJ9031 | ||
| 003 | CL-VaPUC | ||
| 005 | 20231019143702.0 | ||
| 008 | 070302k20062009CL |||||||||||||||||spa|d | ||
| 999 | |c 324670 |d 324668 | ||
| 020 | |a 956-282-830-1 (p.1) | ||
| 020 | |a 978-956-00-0121-4 (p.2) | ||
| 040 | |c Pontificia Universidad Católica de Valparaíso | ||
| 082 | 0 | 4 | |a 152.4 |b LEC |2 21 |
| 100 | |a Lecannelier Acevedo, Felipe |e autor |9 596199 | ||
| 245 | 1 | 0 | |a Apego e intersubjetividad: influencia de los vínculos tempranos en el desarrollo humano y la salud mental |
| 250 | |a Primera edición,. | ||
| 260 | |a Santiago, Chile: |b LOM Ediciones, |c 2006-2009. | ||
| 300 | |a 2 partes. | ||
| 490 | 0 | |a Universitaria | |
| 505 | |a p.1. Vínculos tempranos. Procesos intersubjetivos. p.2. La teoría del apego. | ||
| 583 | |a last modification |c 20120824 10:53:19 |k Rodrigo Vera | ||
| 650 | 0 | |a Desarrollo individual |9 307875 | |
| 650 | 0 | |a Desarrollo afectivo |9 334359 | |
| 650 | 0 | |a Emociones |9 265224 | |
| 650 | 0 | |a Psicología del desarrollo |9 307541 | |
| 650 | 0 | |a Psicología del niño |9 307305 | |
| 700 | |a Fonagy, Peter |e prólogo |9 885235 | ||
| 700 | |a Lyons-Ruth, Karlen |e prólogo segunda parte |9 885236 | ||
| 942 | |c BK |2 ddc | ||
| 945 | |d 20070302 00:00:00 |a cmena | ||
| 952 | |0 0 |1 0 |2 ddc |4 0 |6 152_400000000000000_LEC_2006 |7 0 |8 A |9 404959 |a BIBGIM |b BIBGIM |d 2019-11-22 |h p.1 |i 4320956 |l 1 |o 152.4 LEC 2006 |p 4320956 |r 2025-01-15 |s 2020-03-05 |t 1 |w 2019-11-22 |y BK |k SSL | ||
| 952 | |0 0 |1 0 |2 ddc |4 0 |6 152_400000000000000_LEC_2006 |7 0 |8 A |9 404960 |a BIBGIM |b BIBGIM |d 2019-11-22 |h p.1 |i 4894510 |l 1 |o 152.4 LEC 2006 |p 4894510 |r 2025-01-15 |s 2022-03-07 |t 2 |w 2019-11-22 |y BK |k SSL | ||
| 952 | |0 0 |1 0 |2 ddc |4 0 |6 152_400000000000000_LEC_2009 |7 0 |8 A |9 404961 |a BIBGIM |b BIBGIM |d 2019-11-22 |h p.2 |i 4894529 |o 152.4 LEC 2009 |p 4894529 |r 2025-01-15 |w 2019-11-22 |y BK |k SSL | ||